000
00286nam a2200121Ia 4500
008
190216s9999||||xx |||||||||||||| ||und||
100
_a
Sancheti And Vk Kapoor
245
0
_a
Statistics
260
_b
Pentice Hall Of India
_c
1991
300
_a
2445p
650
_a
Statistics
942
_c
BK
999
_c
37221
_d
37221